00453pam a2200181 a 4500001000800000005001700008008004100025010001700066020001500083040002300098041000800121060001600129080001800145082002200163100000600185101000800191245007200199285950720180104082750.0850508s1987 mdua 001 0 eng c a 85011157  a0806703237 aDNLM/DLCcDLCdDLC aeng aQS 17 C626a a611.00222 CLE00a611.00222 CLE2191 a6 aANA10aAnatomy, a regional atlas of the human body /cCarmine D. Clemente.